| 000 | 00631cam a2200181 a 4500 | ||
|---|---|---|---|
| 040 | _cGPO | ||
| 082 | _a334 FAO 2017 A042 Or. | ||
| 110 | 1 | _aUnited States. | |
| 245 | 1 | 0 | _aLeaving no one behind : Addressing climate change for a world free of poverty and hunger |
| 246 | 3 | 0 | _aIs the Federal Recovery Coordination Program working |
| 300 |
_a1 online resource (iii, 57 pages) : _billustrations |
||
| 500 | _aTitle from title screen (viewed on Oct. 20, 2009). | ||
| 500 | _a"Serial no. 111-15." | ||
| 650 | 0 | _aDisabled veterans | |
| 650 | 0 | _aVeterans' families | |
| 856 | 4 | 0 | _uhttps://purl.fdlp.gov/GPO/FDLP1707 |
| 942 | _cAEDBB | ||
| 999 |
_c21079 _d21079 |
||